00000000cam 2200000zi 4500
0019.957308
003CaOODSP
00520260604105648
006m     o  d f      
007cr mn|||||||||
008251113e202512##onc     ob   f000 0 eng d
020 |a9780660797076
040 |aCaOODSP|beng|erda|cCaOODSP
043 |an-cn---
0861 |aH129-148/2025E-PDF
24500|aCanadian product safety pledge for consumer products and cosmetics : |bguidance for signatories.
264 1|aOttawa : |bHealth Canada = Santé Canada, |cDecember 2025.
264 4|c©2025
300 |a1 online resource (ii, 19 page)
336 |atext|btxt|2rdacontent
337 |acomputer|bc|2rdamedia
338 |aonline resource|bcr|2rdacarrier
500 |aIssued also in French under title: Engagement canadien en matière de sécurité des produits pour les produits de consommation et les cosmétiques : directives à l'intention des signataires.
504 |aIncludes bibliographical references.
520 |a"The Canadian Product Safety Pledge (Pledge) is a commitment made voluntarily to Health Canada by Signatories reflecting a commitment to strengthen and improve product safety online through a combination of preventative and Corrective Actions, and annual reporting on the outcomes and effectiveness of the Signatories’ product safety initiatives"--page 4.
650 0|aProduct safety|zCanada.
650 0|aConsumer goods|zCanada|xSafety measures.
650 0|aCosmetics|zCanada|xSafety measures.
7101 |aCanada. |bHealth Canada, |eissuing body.
77508|tEngagement canadien en matière de sécurité des produits pour les produits de consommation et les cosmétiques : |w(CaOODSP)9.957309
85640|qPDF|s1.79 MB|uhttps://publications.gc.ca/collections/collection_2026/sc-hc/H129-148-2025-eng.pdf
986 |a250329